000 00776nmm a2200193Ia 4500
008 251105s9999||||xx |||||||||||||||||und||
020 _a9788437075990
041 _aspa
100 _aMoreno Pizarro, Marta Isabel
245 0 _aHume :
_b Leyendo el Resumen de un libro recientemente publicado titulado "Tratado de la naturaleza humana" (1-25), y la "Investigación sobre los principios de la moral (Apéndice I)
264 _a[Madrid, España] :
_bPublicaciones de la Universidad de Valencia (PUV),
_c2010
300 _a100 páginas
490 _aFilosofía Bachillerato
650 _aPhilosophy, Ethics
700 _aMoreno Pizarro, Marta Isabel
700 1 _a Patiño Díaz-Alejo, Guillermo
856 _uhttps://public.digitaliapublishing.com/a/34994
942 _cCF
999 _c69061
_d69061